Механическое поведение конструкционных материалов: учебное пособие; пер. с нем.

গ্রন্থ-পঞ্জীর বিবরন
প্রধান লেখক: Реслер И. Иоахим
অন্যান্য লেখক: Хардерс Х. Харальд, Бекер М. Мартин
সংক্ষিপ্ত:Книга, созданная известными немецкими специалистами из технического университета Брауншвейга, знакомит читателя с поведением металлов, полимеров, керамик и композиционных материалов под действием механической нагрузки. Рассмотрен широкий круг тем, начиная от методов механических испытаний и описания упругих характеристик и пластичности материалов, и кончая дислокационной теорией деформирования металлов. Описано поведение материалов при циклическом нагружении, при воздействии повышенной температуры, высокой скорости нагружения и других воздействиях. Это прекрасный учебник «для первого чтения», описывающий механическое поведение материалов. С одной стороны, авторам удалось избежать сползания в излишне сложную математику, а с другой — в элементарное перечисление различных материалов и механических явлений. Учебное пособие будет полезно студентам и преподавателям материаловедческих и машиностроительных специальностей, инженерам-исследователям и разработчикам.
ভাষা:রুশ
প্রকাশিত: Долгопрудный, Интеллект, 2011
বিষয়গুলি:
বিন্যাস: MixedMaterials গ্রন্থ
KOHA link:https://koha.lib.tpu.ru/cgi-bin/koha/opac-detail.pl?biblionumber=181146

MARC

LEADER 00000nam0a2200000 4500
001 181146
005 20231101223611.0
010 |a 9785915590815 
035 |a (RuTPU)RU\TPU\book\196363 
090 |a 181146 
100 |a 20100602d2011 m y0rusy50 ca 
101 1 |a rus  |c ger 
102 |a RU 
105 |a a j 001zy 
200 1 |a Механическое поведение конструкционных материалов  |e учебное пособие  |e пер. с нем.  |f И. Реслер, Х. Хардерс, М. Бекер 
210 |a Долгопрудный  |c Интеллект  |d 2011 
215 |a 502 с.  |c ил. 
320 |a Библиогр.: с. 488-494. 
320 |a Список условных обозначений: с. 495-502. 
330 |a Книга, созданная известными немецкими специалистами из технического университета Брауншвейга, знакомит читателя с поведением металлов, полимеров, керамик и композиционных материалов под действием механической нагрузки. Рассмотрен широкий круг тем, начиная от методов механических испытаний и описания упругих характеристик и пластичности материалов, и кончая дислокационной теорией деформирования металлов. Описано поведение материалов при циклическом нагружении, при воздействии повышенной температуры, высокой скорости нагружения и других воздействиях. Это прекрасный учебник «для первого чтения», описывающий механическое поведение материалов. С одной стороны, авторам удалось избежать сползания в излишне сложную математику, а с другой — в элементарное перечисление различных материалов и механических явлений. Учебное пособие будет полезно студентам и преподавателям материаловедческих и машиностроительных специальностей, инженерам-исследователям и разработчикам. 
606 1 |a Конструкционные материалы  |x Физико-механические свойства  |2 stltpush  |3 (RuTPU)RU\TPU\subj\15470  |9 41708 
610 1 |a структура 
610 1 |a упругость 
610 1 |a пластичность 
610 1 |a разрушение 
610 1 |a напряжение 
610 1 |a концентрация 
610 1 |a механика разрушения 
610 1 |a металлы 
610 1 |a механические свойства 
610 1 |a керамические материалы 
610 1 |a полимеры 
610 1 |a волокнистые композиты 
610 1 |a усталость 
610 1 |a ползучесть 
610 1 |a упражнения 
610 1 |a решения 
610 1 |a учебные пособия 
610 1 |a материаловедение 
675 |a 620.22:539(075.8)  |v 3 
700 1 |a Реслер  |b И.  |g Иоахим 
701 1 |a Хардерс  |b Х.  |g Харальд 
701 1 |a Бекер  |b М.  |g Мартин 
801 1 |a RU  |b 63413507  |c 20100602 
801 2 |a RU  |b 63413507  |c 20150529  |g RCR 
942 |c BK 
959 |a 36/20100602  |d 2  |e 1980,00  |f АНЛ:1  |f ЧЗТЛ:1 
959 |a 11/20110125  |d 2  |e 1320,00  |f УФ:1  |f ЧЗТЛ:1